WWE Divas Champions - Statistics

General Stats
  • This quiz has been taken 701 times
  • The average score is 15 of 21
Answer Stats
Hint Answer % Correct
20 AJ Lee
93%
16 Nikki Bella
89%
13 Brie Bella
87%
21 Paige
84%
1 Michelle McCool
75%
10 Michelle McCool
75%
11 Natalya
73%
17 Layla
72%
15 Beth Phoenix
69%
7 Eve Torres
68%
12 Eve Torres
68%
18 Eve Torres
68%
14 Kelly Kelly
68%
3 Mickie James
66%
2 Maryse
64%
6 Maryse
64%
5 Melina
63%
9 Melina
63%
8 Alicia Fox
62%
19 Kaitlyn
58%
4 Jillian Hall
48%
No matching quizzes found
Score Distribution
Percent of People with Each Score
Percentile by Number Answered
Your Score History
You have not taken this quiz